000 00750cam a2200205 4500
008 000000n2000 000 0 eng u
035 _a(Sirsi) u108168
245 _a£11,000 a week for a bargain flat
260 _c2000
490 _aGuardian
_v5 September 2000, 24(1)
520 _aGlobalresident.com has set up a website aimed at wealthy professionals looking for rented accommodation at the top end of the London market. The company claims that its service will make up-market flats and houses cheaper and easier to find.
590 _aWB
650 _aRENTED ACCOMMODATION
650 _aINTERNET
650 _aWEBSITE
650 _aLONDON
650 _aRESIDENTIAL LETTINGS
690 _aHOUSING-PRIVATE RENTED SECTOR
942 _n0
999 _c64608
_d64608